1869 1038 1103 1749 1961 1946 1177 1080 1081 1821 1819 1198 1967 1537 1148 1014 1645 1997 1583 1394 1147 1854 1800 1341 1359 1632 1087 1910 1553 1697 1861 1719 1763 1254 1459 1890 1990 1931 1679 1670 1435 1215 1131 1575 1573 1385 1983 1939 1819 1091 1842 1885 1726 1620 1087 1441 1591 1044 1782 1406 1891 1787 1896 1619 1919 1993 1692 1591 1693 1822 1500 1302 1920 1814 1966 1055 1011 1731 1568 1622 1059 1246 1492 1170 1048 1965 1254 1641 1614 1876 1674 1437 1774 1593 1516 1828 1830 1328 1912 BCNSPRNW ULIB Ver.6.0+V

เปลี่ยนเป็นภาษาไทย

Change to English
 แสดงรายละเอียดบรรณานุกรม
  กลับหน้าหลัก

Brief Record : Get Marc (ISO 2709) : E-mail record : QR code < ปิดหน้าต่าง
LEADER : 00000nam 2200000uu 4500
001    13399126872
003     ULIB
008    190821s2561||||th 000 0 tha d
020 ^- ^a 9786164555433
060 ^- ^aWA308^bส726ว
100 0^ ^aสุธรรม นันทมงคลชัย.
245 วิ ^aวิจัยอนามัยครอบครัว /สุธรรม นันทมงคลชัย.
250 ^- ^aพิมพ์ครั้งที่ 1.
260 ^- ^aกรุงเทพฯ :^bหจก. ประยูรสาส์นไทย การพิมพ์,^c2561
300 ^- ^aก-ญ, 246 หน้า :^bภาพประกอบ.
650 ^4 ^aอนามัยครอบครัว,^xวิจัย.
945    ^p200^l0^i005588
945    ^p200^l0^i005587
945    ^p200^l0^i005590
945    ^p200^l0^i005585
945    ^p200^l0^i005584
945    ^p200^l0^i005583
945    ^p200^l0^i005582
945    ^p200^l0^i005586
945    ^p200^l0^i005589
945    ^p200^l0^i005591
999    ^aประนอม เกษจรัล
รายการนี้ยังไม่มีแท็ก
คุณยังไม่ได้ล็อกอิน คุณสามารถมีกิจกรรมร่วมกับเว็บไซต์ได้ แต่ต้องล็อกอินก่อน ::
  ล็อกอิน

รายการสื่อสารสนเทศ

ลำดับที่ ประเภท เลขเรียก/บาร์โค้ด สถานที่ สถานะ
1. วิทยาศาสตร์การแพทย์ และสุขภาพ
หนังสือสำรอง
สถานะ=หนังสือสำรอง
WA308 ส726ว ฉ.1 
  Barcode: 005582
ห้องสมุดวิทยาเขตสวรรค์ประชารักษ์
►หนังสือทั่วไป
บนชั้น
2. วิทยาศาสตร์การแพทย์ และสุขภาพ
วิทยาศาสตร์การแพทย์ และสุขภาพ
WA308 ส726ว ฉ.10 
  Barcode: 005591
ห้องสมุดวิทยาเขตสวรรค์ประชารักษ์
►หนังสือทั่วไป
บนชั้น
3. วิทยาศาสตร์การแพทย์ และสุขภาพ
วิทยาศาสตร์การแพทย์ และสุขภาพ
WA308 ส726ว ฉ.2 
  Barcode: 005583
ห้องสมุดวิทยาเขตสวรรค์ประชารักษ์
►หนังสือทั่วไป
บนชั้น
4. วิทยาศาสตร์การแพทย์ และสุขภาพ
วิทยาศาสตร์การแพทย์ และสุขภาพ
WA308 ส726ว ฉ.3 
  Barcode: 005584
ห้องสมุดวิทยาเขตสวรรค์ประชารักษ์
►หนังสือทั่วไป
บนชั้น
5. วิทยาศาสตร์การแพทย์ และสุขภาพ
วิทยาศาสตร์การแพทย์ และสุขภาพ
WA308 ส726ว ฉ.4 
  Barcode: 005585
ห้องสมุดวิทยาเขตสวรรค์ประชารักษ์
►หนังสือทั่วไป
บนชั้น
6. วิทยาศาสตร์การแพทย์ และสุขภาพ
วิทยาศาสตร์การแพทย์ และสุขภาพ
WA308 ส726ว ฉ.5 
  Barcode: 005586
ห้องสมุดวิทยาเขตสวรรค์ประชารักษ์
►หนังสือทั่วไป
บนชั้น
7. วิทยาศาสตร์การแพทย์ และสุขภาพ
วิทยาศาสตร์การแพทย์ และสุขภาพ
WA308 ส726ว ฉ.6 
  Barcode: 005587
ห้องสมุดวิทยาเขตสวรรค์ประชารักษ์
►หนังสือทั่วไป
บนชั้น
8. วิทยาศาสตร์การแพทย์ และสุขภาพ
วิทยาศาสตร์การแพทย์ และสุขภาพ
WA308 ส726ว ฉ.7 
  Barcode: 005588
ห้องสมุดวิทยาเขตสวรรค์ประชารักษ์
►หนังสือทั่วไป
บนชั้น
9. วิทยาศาสตร์การแพทย์ และสุขภาพ
วิทยาศาสตร์การแพทย์ และสุขภาพ
WA308 ส726ว ฉ.8 
  Barcode: 005589
ห้องสมุดวิทยาเขตสวรรค์ประชารักษ์
►หนังสือทั่วไป
บนชั้น
10. วิทยาศาสตร์การแพทย์ และสุขภาพ
วิทยาศาสตร์การแพทย์ และสุขภาพ
WA308 ส726ว ฉ.9 
  Barcode: 005590
ห้องสมุดวิทยาเขตสวรรค์ประชารักษ์
►หนังสือทั่วไป
บนชั้น

รายการใกล้เคียง
    ชื่อเรื่อง [วิจัยอนามัยครอบครัว /สุธรรม นันทมงคลชัย.]

    ผู้แต่ง [สุธรรม นันทมงคลชัย.]

BibComment


ยังไม่เคยถูกคอมเมนท์

คอมเมนท์ทรัพยากรรายการนี้
  คอมเมนท์: วิจัยอนามัยครอบค..


 Copyright 2026. Bcnsprnw @Library